000 00794nam0a22002651 4500
001 rc\223248
005 20030307115745.3
010 _a5-09-003481-8
_9250000
035 _a(NLR Aleph) 005477136
090 _a5095622
_c5095622
100 _a20030307d1991 u y0rusy50 ca
101 0 _arus
102 _aRU
105 _ay |||||||||
200 1 _aОрфография без правил
210 _aМ.
_cПросвещение
_d1991
215 _a142, [2] с.
_d22
225 1 _aТворческая лаборатория учителя
_iНачальная школа
700 1 _aТоцкий
_bП.С.
_gПетр Семенович
801 0 _aRU
_bNLR
_gpsbo
801 1 _aRU
_bELAR
_2rusmarc
852 _aNLR
_j91-5/4381
852 _aNLR
_jМф К1/29368
942 _cBOOK
980 _aNB